Rozpoznaj piłkarza po karierze- Serie A - Statystyki

Ogólne statystyki
  • Ten quiz został rozwiązany 597 razy
  • Średni wynik to 5 z 12
Statystyki odpowiedzi
Przebieg kariery Zawodnik % Poprawnych
2017-2019 Ajax (M-117 G-13 A-7)2019-2022 Juventus (M-117 G-8 A-3) 2022- Bayern Monachium (M-30 G-2 A-0) Matthijs de Ligt
100%
2002-2005 Boca Juniors (M-67 G-26 A-6)2005-2006 Corinthians (M-15 G-5 A-0) 2006-2009 West Ham United (M-29 G-7 A-4) 2007-2009 Manchester United (wypożyczenie) (M-99 G-34 A-14) 2009-2013 Manchester City (M-148 G-73 A-35) 2013-2015 Juventus (M-96 G-50 A-19) 2015-2017 Boca Juniors (M-57 G-25 A-13) 2017-2018 SH Shenhua (M-20 G-4 A-5) 2018-2021 Boca Juniors (M-112 G-31 A-13) 2022 Koniec kariery Carlos Tevez
86%
1975-1982 Widzew Łódź (M-18 G-10 A-0|Dane niepełne|)1982-1985 Juventus (M-132 G-31 A-24) 1985-1988 AS Roma (M-92 G-23 A-2) 1988 Koniec kariery Zbigniew Boniek
83%
2012-2018 Sporting CP (M-5 G-2 A-1)2018-2019 Lille (M-26 G-8 A-2) 2019- Milan (M-148 G-36 A-31) Rafael Leão
79%
2003-2004 Slovan Bratysława (M-0 G-0 A-0)2004-2007 Brescia (M-74 G-12 A-0) 2007-2019 Napoli (M-520 G-121 A-103) 2019-2021 Dalian Professional (M-45 G-5 A-4) 2021 IFK Goteborg (M-6 G-1 A-0) 2021- Trabzonspor (M-54 G-4 A-5) Marek Hamsik
76%
2012-2013 Sassuolo (M-39 G-11 A-6)2013-2015 Juventus (M-0 G-0 A-0) 2013-2015 Sassuolo (Wypożyczenie) (M-63 G-31 A-19) 2015- Sassuolo (M-240 G-84 A-64) Domenico Berardi
73%
2007-2020 Fiorentina (M-153 G-34 A-25)2020- 2022 (wypożyczenie) Juventus (M-61 G-18 A-14) 2022- Juventus (M-15 G-1 A-4) Federico Chiesa
67%
2015-2022 Schalke (M-61 G-3 A-0)2022- Milan (M-11 G-0 A-0) Malick Thiaw
67%
2012-2015 Roma (M-14 G-1 A-0)2014-2015 Sampdoria (wypożyczenie) (M-31 G-2 A-2) 2015-2022 Milan (M-247 G-10 A-4) 2022- Lazio (M-30 G-1 A-0) Alessio Romagnoli
64%
2008-2015 Barcelona (M-321 G-99 A-62)2015-2020 Chelsea (M-206 G-43 A-28) 2020-2021 Roma (M-40 G-6 A-7) 2021- Lazio (M-74 G-16 A-10) Pedro
64%
2012-2013 Bayern Monachium (M-7 G-1 A-0)2013-2014 Bayer Leverkusen (M-39 G-4 A-5) 2014-2018 Liverpool (M-167 G-14 A-12) 2018-2020 Juventus (M-45 G-4 A-1) 2020 Borussia Dortmund (wypożyczenie) (M-15 G-2 A-1) 2020- Borussia Dortmund (M-96 G-9 A-7) Emre Can
63%
2021- Roma (M-57 G-1 A-4) Nicola Zalewski
63%
2000-2002 FC Barcelona (M-135 G-0 A-0)
2002-2005 Villarreal (M-4 G-0 A-0)
2005-2014 Liverpool (M-394 G-0 A-4)
2013-2014 Napoli (Wypożyczenie) (M-43 G-0 A-0)
2014-2015 Bayern Monachium (Wypożyczenie) (M-3 G-0 A-0)
2015-2018 Napoli (M-139 G-0 A-1)
2018-2020 AC Milan (M-13 G-0 A-0)
2020 Aston Villa (Wypożyczenie) (M-12 G-0 A-0)
2020-2022 Lazio (M-54 G-0 A-1)
2022- Villarreal (M-30 G-0 A-0)
Pepe Reina
63%
2012-2019 PSG (M-227 G-24 A-14)2013 Toulouse (wypożyczenie) (M-13 G-1 A-3) 2019- Juventus (M-160 G-15 A-8) Adrien Rabiot
62%
2008-2010 Fulham (M-19 G-0 A-0) 2010-2020 Manchester United (M-323 G-18 A-4) 2019-2020 Roma (wypożyczenie) (M-37 G-3 A-2) 2020- Roma (M-93 G-7 A-1) Chris Smalling
62%
2004-2005 NK Marsonia (M-0 G-0 A-0)2005-2007 NK Zagreb (M-25 G-11 A-1) 2007-2010 Dinamo Zagrzeb (M-112 G-53 A-35) 2010-2012 Wolfsburg (M-60 G-20 A-12) 2012-2014 Bayern Monachium (M-88 G-48 A-14) 2014-2015 Atlético Madryt (M-43 G-20 A-5) 2015-2020 Juventus (M-162 G-44 A-18) 2020 Al-Duhail SC (M-1 G-1 A-0) 2020-2021 Bez klubu 2021 AC Milan (M-11 G-0 A-0) 2021 Koniec kariery Mario Mandzukic
62%
2017-2019 Wolfsburg (M-16 G-0 A-0)2018-2019 Charleroi (wypożyczenie) (M-36 G-20 A-4) 2019 Charleroi (M-0 G-0 A-0) 2019-2020 Lille (M-38 G-18 A-6) 2020- Napoli (M-89 G-49 A-14) Victor Osimhen
60%
2015-2022 Ajax (M-214 G-0 A-0)2022- Inter Mediolan (M-26 G-0 A-0) Andre Onana
59%
2014-2017 Hajduk Split (M-120 G-13 A-20)2017-2019 Everton (M-19 G-2 A-1) 2018-2019 CSKA Moskwa (wypożyczenie) (M-31 G-8 A-7) 2019-2021 CSKA Moskwa (M-77 G-25 A-14) 2021- West Ham United (M-31 G-1 A-2) 2022-2023 (wypożyczenie) Torino (M-25 G-4 A-4) Nikola Vlasic
56%
2013-2016 Santos FC (M-83 G-24 A-12)2016-2020 Inter Mediolan (M-10 G-1 A-0) 2017-2018 Benfica (wypożyczenie) (M-5 G-1 A-0) 2018 Santos FC (wypożyczenie) (M-42 G-19 A-1) 2019 Flamengo (wypożyczenie) (M-43 G-34 A-11) 2020- Flamengo (M-155 G-88 A-21) Gabriel Barbosa
53%
2008-2011 Espanyol (M-105 G-12 A-14)2011-2013 Real Madryt (M-77 G-20 A-7) 2013-2020 Napoli (M-349 G-82 A-79) 2020-2022 Fiorentina (M-55 G-2 A-4) 2022- Granada (M-33 G-4 A-10) Jose Callejon
53%
2012-2015 Liverpool (M-21 G-1 A-1)2013-2014 Almeria (wypożyczenie) (M-35 G-3 A-9) 2015-2020 Milan (M-153 G-24 A-31) 2016 Genoa (wypożyczenie) (M-19 G-6 A-36) 2020 Sevilla (wypożyczenie) (M-23 G-2 A-1) 2020- Sevilla (M-83 G-5 A-9) Suso
53%
2012-2016 MSK Zilina (M-93 G-13 A-2)2013 (wypożyczenie) Zlate Moravce (M-7 G-0 A-0) 2016-2017 Sampdoria (M-38 G-0 A-0) 2017- Inter Mediolan (M-245 G-11 A-5) Milan Skriniar
52%
1996-1997 Empoli (M-1 G-0 A-0)1997-1998 Iperzola (M-35 G-8 A-0) 1998 Varese (M-4 G-0 A-0) 1998-1999 Viareggio (M-25 G-12 A-0) 1999-2004 Empoli (M-178 G-55 A-3) 2004-2016 Udinese (M-445 G-227 A-68) 2016 Koniec kariery Antonio Di Natale
50%
2021-2022 FC Kopenhaga (M-32 G-5 A-0)2022 Sturm Graz (M-21 G-12 A-4) 2022- Atalanta (M-24 G-7 A-2) Rasmus Hojlund
50%
2003-2006 CA Cerro brak danych2006-2007 Nacional (M-16 G-2 A-0) 2007-2010 Villarreal CF (M-116 G-4 A-6) 2010-2019 Atletico Madryt (M-389 G-27 A-14) 2019-2020 Inter Mediolan (M-36 G-2 A-1) 2020-2022 Cagliari (M-40 G-1 A-2) 2022 Atlético-MG (M-9 G-1 A-0) 2022- Vélez Sarsfield (M-10 G-1 A-0) Diego Godin
45%
1993-2002 Lazio (M-261 G-3 A-0)2002-2012 Milan (M-326 G-10 A-2) 2012-2013 CF Montreal (M-34 G-0 A-0) 2013 pauza 2014-2015 Chennaiyin FC (M-3 G-0 A-0) 2015 Koniec kariery Alessandro Nesta
43%
2000-2006 Real Betis (M-212 G-34 A-11)2006-2011 Valencia (M-218 G-30 A-31) 2011-2013 Malaga (M-70 G-10 A-13) 2013-2015 Fiorentina (M-71 G-7 A-13) 2015- Real Betis (M-260 G-30 A-34) Joaquin
42%
2014-2016 Manchester United (M-0 G-0 A-0)2014-2015 Vojvodina (Wypożyczenie) (M-19 G-0 A-0) 2016-2017 Lechia Gdańsk (M-29 G-0 A-0) 2017- Torino (M-69 G-0 A-0) 2018-2019 SPAL (Wypożyczenie) (M-3 G-0 A-0) 2019 Ascoli (Wypożyczenie) (M-8 G-0 A-0) 2019-2020 Standard Liège (Wypożyczenie) (M-3 G-0 A-0) Vanja Milinković-Savić
42%
2013-2020 Lokomotiv Moskwa (M-228 G-43 A-46)2020- Atalanta (M-56 G-9 A-7) 2022-2023 (wypożyczenie) Torino (M-22 G-4 A-5) Aleksey Miranchuk
38%
1994-1996 Modena (M-34 G-8 A-0)1996-1997 Empoli (M-3 G-1 A-0) 1997-1998 Fiorenzuola (M-26 G-2 A-0) 1998-1999 Cisco Lodigiani (M-3 G-15 A-0) 1999-2000 Treviso (M-39 G-16 A-0) 2000-2001 Vicenza (M-33 G-9 A-3) 2001-2003 Brescia (M-50 G-16 A-3) 2003-2005 Palermo (M-83 G-51 A-3) 2005-2007 Fiorentina (M-71 G-49 A-12) 2007-2010 Bayern Monachium (M-89 G-58 A-25) 2010 Roma (wypożyczenie) (M-17 G-5 A-1) 2010-2011 Genoa (M-18 G-7 A-3) 2011-2012 Juventus (M-15 G-2 A-2) 2012 Al-Nasr SC (M-11 G-3 A-3) 2012-2013 Fiorentina (M-28 G-8 A-4) 2013-2016 Hellas Verona (M-100 G-51 A-14) 2016 Koniec kariery Luca Toni
38%
2018-2020 Ranheim IL (M-43 G-6 A-9)2020-2023 Bodø/Glimt (M-91 G-20 A-24) 2023- Roma (M-5 G-1 A-0) Ola Solbakken
36%
2013-2020 Barcelona (M-90 G-12 A-8)2013-2014 Celta Vigo (wypożyczenie) (M-33 G-4 A-7) 2018 Inter Mediolan (wypożyczenie) (M-17 G-2 A-3) 2019-2020 Celta Vigo (wypożyczenie) (M-30 G-4 A-2) 2020-2022 PSG (M-39 G-0 A-7) 2022 Real Sociedad (wypożyczenie) (M-21 G-1 A-0) 2022 Al-Arabi SC (M-11 G-0 A-2) Rafinha
36%
2009-2014 Feyenoord (M-154 G-6 A-4)2014-2018 Lazio (M-118 G-10 A-4) 2018- Inter Mediolan (M-187 G-9 A-7) Stefan de Vrij
36%
2017-2018 Dinamo Tbilisi (M-5 G-1 A-1)2018-2019 Rustavi (M-18 G-3 A-3) 2019 Lokomotiv Moskwa (wypożyczenie) (M-10 G-1 A-0) 2019-2022 Rubin Kazań (M-73 G-9 A-18) 2022 Dinamo Batumi (M-11 G-8 A-2) 2023- Napoli (M-28 G-13 A-15) Khvicha Kvaratskhelia
35%
1997-2004 AJ Auxerre (M-171 G-8 A-0)2004-2011 AS Roma (M-267 G-15 A-9) 2011-2016 AC Milan (M-114 G-7 A-6) 2016 Koniec kariery Philippe Mexès
33%
2001-2005 Atalanta (M-82 G-7 A-0)2005-2012 Fiorentina (M-259 G-19 A-25) 2012-2019 AC Milan (M-158 G-10 A-15) 2019 Koniec kariery Riccardo Montolivo
33%
2007-2009 CA Huracán (M-31 G-8 A-6)2009-2011 Palermo (M-82 G-16 A-16) 2011-2018 PSG (M-296 G-45 A-60) 2018-2021 AS Roma (M-37 G-4 A-3) 2021 Bez klubu 2021-2023 Elche (M-16 G-0 A-0) 2023- Qatar SC (M-2 G-0 A-0) Javier Pastore
31%
2016-2017 Anderlecht (M-69 G-0 A-0)2017-2022 Benfica (M-23 G-0 A-0) 2022- Roma (M-1 G-0 A-0) Mile Svilar
31%
2013-2022 Lazio (M-208 G-0 A-0)2015-2016 Salernitana (Wypożyczenie) (M-13 G-0 A-0) 2022- Brentford (M-2 G-0 A-0) Thomas Strakosha
31%
2004-2006 FC Sochaux (M-68 G-8 A-3)2006-2008 AS Monaco (M-64 G-14 A-8) 2008-2011 AS Roma (M-114 G-12 A-19) 2011-2014 PSG (M-110 G-19 A-37) 2014-2016 AC Milan (M-46 G-20 A-4) 2016-2017 Girondins Bordeaux (M-31 G-3 A-4) 2017-2018 Antalyaspor (M-9 G-0 A-0) 2018-2019 CF América (M-23 G-5 A-5) 2019 Bez klubu 2019-2020 Paris FC (M-18 G-5 A-4) 2020- Reggina (M-62 G-13 A-5) Jérémy Ménez
30%
2012-2015 Empoli (M-109 G-1 A-3)2015-2021 Napoli (M-223 G-1 A-10) 2021- Lazio (M-69 G-1 A-1) Elseid Hysaj
29%
1984-1987 Nuorese brak danych1987-1989 Torres brak danych 1989-1993 Napoli (M-135 G-36 A-12) 1993-1997 Parma (M-149 G-63 A-1) 1997-2003 Chelsea (M-310 G-78 A-24) 2003-2005 Cagliari (M-81 G-27 A-1) 2005-2006 APIA Leichhardt brak danych 2006-2007 Marc. Stallions brak danych 2007 Koniec kariery Gianfranco Zola
29%
2016-2017 Entella (M-7 G-0 A-0) 2017-2018 Inter Mediolan (M-0 G-0 A-0) 2018-2023 Roma (M-128 G-24 A-18) 2023- Galatasaray (M-1 G-1 A-0) Nicolo Zaniolo
29%
2001-2005 Grasshoppers (M-93 G-4 A-4)2005-2008 LOSC Lille (M-113 G-7 A-6) 2008-2011 Lazio (M-117 G-3 A-6) 2011-2018 Juventus (M-258 G-15 A-31) 2018-2019 Arsenal (M-23 G-1 A-1) 2019-2020 FC Augsburg (M-20 G-0 A-1) 2020 Koniec kariery Stephan Lichtsteiner
29%
1991-1992 DOS Kampen brak danych 1992-1993 PEC Zwolle (M-3 G-0 A-0)1993-1995 SC Cambuur (M-37 G-1 A-0) 1995-1996 Willem II (M-19 G-1 A-1) 1996-1998 PSV (M-98 G-11 A-4) 1998-2001 Manchester United (M-127 G-1 A-3) 2001-2004 Lazio (M-94 G-4 A-1) 2004-2006 Milan (M-65 G-2 A-2) 2006-2007 Ajax (M-52 G-2 A-1) 2007 Koniec kariery Jaap Stam
28%
1994-1997 Como (M-50 G-6 A-3)1997-1999 Bari (M-66 G-8 A-4) 1999-2006 Juventus (M-296 G-10 A-34) 2006-2008 FC Barcelona (M-85 G-3 A-5) 2008-2012 AC Milan (M-107 G-2 A-3) 2012-2013 Pauzuje 2013 FC Chiasso (M-5 G-0 A-0) 2013 Koniec kariery Gianluca Zambrotta
22%
2020- Milan (M-90 G-3 A-4) Pierre Kalulu
22%
2013-2015 Estudiantes (M-63 G-6 A-5)2015-2016 Sampdoria (M-31 G-3 A-1) 2016-2018 Sevilla (M-73 G-15 A-10) 2018-2022 Lazio (M-117 G-30 A-18) 2021-2022 Inter Mediolan (wypożyczenie) (M-36 G-6 A-2) 2022- Inter Mediolan (M-25 G-3 A-3) Joaquín Correa
19%
2006-2015 Manchester City (M-246 G-9 A-14)2014-2015 Fiorentina (M-19 G-0 A-1) 2015-2019 Aston Villa (M-31 G-2 A-1) 2019 Koniec kariery Micah Richards
18%
2008-2012 Goiás EC (M-99 G-6 A-3)2012-2015 Sao Paulo (M-103 G-4 A-4) 2014 AS Roma (Wypożyczenie) (M-5 G-0 A-0) 2015- Atalanta (M-261 G-13 A-17) Rafael Tolói
18%
2007-2015 Olympiakos SFP (M-10 G-0 A-0)2013-2014 APO Levadiakos (wypożyczenie) (M-23 G-0 A-0) 2014-2015 Ergotelis (wypożyczenie) (M-23 G-1 A-1) 2015-2018 Sturm Graz (M-81 G-6 A-6) 2018-2022 Cagliari (M-109 G-5 A-7) 2022- Bologna (M-20 G-1 A-0) Charalampos Lykogiannis
15%
2012-2018 Racing Club (M-37 G-0 A-0)2018-2021 Udinese (M-104 G-0 A-0) 2021- Atalanta (M-69 G-0 A-0) Juan Musso
15%
2002-2004 Santos FC (M-24 G-6 A-0)
2004-2012 Chelsea (M-134 G-10 A-4)
2004-2007 PSV Eindhoven (Wypożyczenie) (M-123 G-15 A-9)
2012-2014 PSG (M-92 G-9 A-1)
2014-2016 AC Milan (M-48 G-4 A-1)
2016 Koniec kariery
Alex
13%
2003-2005 Atalanta Bergamo (M-56 G-15 A-1)2005-2009 Fiorentina (M-136 G-34 A-10) 2009-2011 Sampdoria (M-87 G-48 A-3) 2011-2012 Inter Mediolan (M-60 G-19 A-7) 2012-2015 AC Milan (M-86 G-24 A-4) 2015-2020 Hellas Verona (M-135 G-50 A-6) 2018 Levante (Wypożyczenie) (M-9 G-1 A-0) 2020 Koniec kariery Giampaolo Pazzini
13%
2006-2009 River Plate (M-11 G-0 A-0)2009-2017 Villarreal (M-249 G-7 A-11) 2017-2021 AC Milan (M-75 G-2 A-2) 2021 Lazio (M-5 G-0 A-0) 2021- Bez klubu Mateo Musacchio
11%
2000-2005 Flamengo (M-10 G-0 A-0)2005-2012 Inter Mediolan (M-300 G-0 A-1) 2005 Chievo (Wypożyczenie) (M-0 G-0 A-0) 2012-2014 QPR (M-27 G-0 A-1) 2014 Toronto (Wypożyczenie) (M-7 G-0 A-0) 2014-2017 Benfica (M-83 G-0 A-0) 2017-2018 Bez klubu 2018 Flamengo (M-1 G-0 A-0) 2018 Koniec kariery Júlio César
9%
2005-2007 Manchester United (M-14 G-4 A-1) 2006 Newcastle United (wypożyczenie) (M-13 G-1 A-0) 2007 Parma (wypożyczenie) (M-20 G-9 A-4) 2007-2013 Villarreal (M-192 G-82 A-25) 2013-2017 Fiorentina (M-42 G-19 A-8) 2016 Levante (wypożyczenie) (M-17 G-6 A-2) 2017 Celta Vigo (wypożyczenie) (M-29 G-6 A-1) 2017-2018 Genoa (M-10 G-1 A-0) 2020-2021 Salt Lake (M-7 G-1 A-0) 2021-2022 SPAL (M-14 G-3 A-0) Bez klubu 2023- SPAL (M-2 G-0 A-0) Giuseppe Rossi
8%
2006-2013 Newell's (M-167 G-12 A-4)2013-2016 River Plate (M-128 G-5 A-8) 2016-2017 Milan (M-15 G-0 A-0) 2017-2020 Monterrey (M-94 G-4 A-5) 2020 bez klubu 2020-2022 Libertad (M-29 G-0 A-5) 2022- Newell's (M-15 G-0 A-1) Leonel Vangioni
6%
1982-1984 Parma (M-5 G-0 A-0)1984-1987 Juventus (M-57 G-1 A-0) 1987-1989 Hellas Verona (M-56 G-0 A-0) 1989-1995 Fiorentina (M-185 G-1 A-0) 1995-1996 Padova (M-5 G-0 A-0) 1996-1997 Pistoiese (M-16 G-1 A-0) 1997-1998 Fiorenzuola (M-21 G-0 A-1) 1998-1999 Colorno brak danych 1999 Koniec kariery Stefano Pioli
6%
2007-2012 Juventus (M-1 G-0 A-0)2008-2010 Empoli (Wypożyczenie) (M-38 G-2 A-5) 2010 Triestina (Wypożyczenie) (M-16 G-1 A-0) 2010-2011 Modena (Wypożyczenie) (M-42 G-9 A-14) 2011-2012 Lecce (Wypożyczenie) (M-11 G-0 A-1) 2012 Torino (Wypożyczenie) (M-3 G-1 A-1) 2012-2014 Udinese (M-0 G-0 A-0) 2012-2013 Bologna (Wypożyczenie) (M-18 G-4 A-1) 2013-2014 Podova (Wypożyczenie) (M-39 G-8 A-5) 2014-2017 Juventus (M-0 G-0 A-0) 2014-2015 Pescara (Wypożyczenie) (M-38 G-7 A-7) 2015-2016 Livorno (Wypożyczenie) (M-19 G-4 A-2) 2016 Pescara (Wypożyczenie) (M-15 G-1 A-2) 2016-2017 Krylja Sowietow Samara (Wypożyczenie) (M-28 G-5 A-8) 2017-2019 Legia Warszawa (M-36 G-3 A-5) 2019 Bez klubu 2019-2020 Campodarsego (M-13 G-4 A-3) 2020-2021 AS Gubbio (M-32 G-3 A-6) 2021 Bez klubu 2021- Trento (M-57 G-12 A-8) Cristian Pasquato
0%
2022- Roma (M-13 G-2 A-1) Cristian Volpato
0%
1987-1990 Velez brak danych1990-1992 Pisa (M-62 G-6 A-0) 1992-1994 Sevilla (M-68 G-13 A-1) 1994-1996 Atletico Madryt (M-120 G-27 A-1) 1996-1999 Inter Mediolan (M-85 G-14 A-15) 1999-2003 Lazio (M-136 G-8 A-10) 2003-2005 Atletico Madryt (M-44 G-3 A-0) 2005-2006 Racing Club (M-23 G-1 A-0) 2006 Koniec kariery Diego Simeone
0%
2004-2006 Chur 97 (M-5 G-1 A-0)2006-2008 AC Bellinzona (M-74 G-16 A-0) 2008-2010 Grasshoppers (M-53 G-10 A-5) 2010-2011 Young Boys Berno (M-44 G-9 A-9) 2011-2021 Lazio (M-371 G-34 A-39) 2021 Koniec kariery Senad Lulic
0%
Nie znaleziono quizów pasujących do podanych kryteriów
Rozkład punktacji
Procent ludzi z każdym wynikiem
Percentyl według liczby udzielonych odpowiedzi
Twoja historia wyników
Nie rozwiązałeś tego quizu